Bookforum /

La revista Bookforum fue publicada por primera vez en el verano de 1994 en la ciudad de Nueva York, Estados Unidos, como un suplemento literario de la revista de arte Artforum, fundada en 1962. Gracias a la favorable recepción del público y al reconocimiento obtenido desde sus inicios, Bookforum evo...

وصف كامل

محفوظ في:
التفاصيل البيبلوغرافية
التنسيق: دورية
اللغة:الإنجليزية
الموضوعات:
الوسوم: إضافة وسم
لا توجد وسوم, كن أول من يضع وسما على هذه التسجيلة!

MARC

LEADER 00000nas^a2200000^a^4500
001 000392054
005 20250820152535.0
009 20260310121231.724
022 |a 1098-3376 
037 |a Acervo ITESO - Biblioteca 
041 |a ING 
094 |a 1219 
245 0 0 |a Bookforum / 
264 |a Nueva York, EUA :  |b Artforum,  |c 2017- 
300 |a volúmenes 
310 |a Cinco números por año 
336 |a texto  |b txt  |2 rdacontenido 
337 |a sin mediación  |b n  |2 rdamedio 
338 |a volumen  |b nc  |2 rdasoporte 
362 |a V. 5, no. 5 (febrero-marzo 2017- ) 
520 |a La revista Bookforum fue publicada por primera vez en el verano de 1994 en la ciudad de Nueva York, Estados Unidos, como un suplemento literario de la revista de arte Artforum, fundada en 1962. Gracias a la favorable recepción del público y al reconocimiento obtenido desde sus inicios, Bookforum evolucionó rápidamente hasta consolidarse como una publicación independiente, con su carácter de revista hermana y con una identidad propia enfocada en la crítica literaria y cultural. La revista se distingue por la calidad de sus reseñas de libros, entrevistas con autores y ensayos. Los temas abordados en sus artículos incluyen principalmente ficción, libros más vendidos, moda, cine, feminismo, historia, cultura pop y fetichismos personales. Su prestigio se ha consolidado gracias a su capacidad para convocar a los autores a debatir sobre sus obras y sobre cuestiones culturales contemporáneas. En cuanto a su periodicidad, esta revista comenzó como una publicación semestral; a partir de 1998 adoptó un formato trimestral, y desde 2005 publica cinco números al año, correspondientes a los meses de febrero, abril, junio, septiembre y diciembre. La colección impresa de Bookforum disponible en la Hemeroteca de la Biblioteca ITESO comprende desde el volumen 23, número 5 (febrero de 2017), hasta el volumen 31, número 2 (octubre de 2024), aunque presenta algunas ausencias de fascículos. 
599 |a No vigente 
649 |a XX 
650 |a Libros -  |x Reseñas -  |x Publicaciones Periódicas Norteamericanas -  |x Tema Principal 
650 |a Cultura -  |x Publicaciones Periódicas Norteamericanas 
650 |a Literatura -  |x Publicaciones Periódicas Norteamericanas -  |x Tema Principal 
650 |a Publicaciones Periódicas Norteamericanas 
910 |a Fondo General 
920 |a Impresos - Publicaciones Periódicas 
905 |a 105 
902 |a https://opac.biblio.iteso.mx/vufind/Record/000392054